|
|
|
|
| LEADER |
00000nam0a2200000 4500 |
| 001 |
58267 |
| 005 |
20231031054935.0 |
| 010 |
|
|
|a 502000328X
|
| 035 |
|
|
|a (RuTPU)RU\TPU\book\61523
|
| 035 |
|
|
|a RU\TPU\book\32358
|
| 090 |
|
|
|a 58267
|
| 100 |
|
|
|a 20031126d1994 k y0rusy50 ca
|
| 101 |
0 |
|
|a rus
|
| 102 |
|
|
|a RU
|
| 105 |
|
|
|a a z 001zy
|
| 200 |
1 |
|
|a Кинетические и стохастические методы
|e [сборник трудов]
|f Российская академия наук (РАН), Физический институт им. П. Н. Лебедева (ФИАН) ; под ред. В. Я. Файнберга
|
| 210 |
|
|
|a Москва
|c Наука
|d 1994
|
| 215 |
|
|
|a 250 с.
|c ил
|
| 225 |
1 |
|
|a Труды физического института им. П. Н. Лебедева (ФИАН)
|v Т. 218
|
| 320 |
|
|
|a Библиогр. в конце ст.
|
| 610 |
1 |
|
|a физика
|
| 610 |
1 |
|
|a кинетические методы
|
| 610 |
1 |
|
|a стохастические методы
|
| 610 |
1 |
|
|a экология
|
| 610 |
1 |
|
|a сегнетоэлектрики
|
| 675 |
|
|
|a 533.7
|v 3
|
| 702 |
|
1 |
|a Файнберг
|b В. Я.
|4 340
|
| 712 |
0 |
2 |
|a Российская академия наук (РАН)
|b Физический институт им. П. Н. Лебедева (ФИАН)
|c (Москва)
|2 stltpush
|3 (RuTPU)RU\TPU\col\3474
|
| 801 |
|
1 |
|a RU
|b 63413507
|c 20031126
|g PSBO
|
| 801 |
|
2 |
|a RU
|b 63413507
|c 20210722
|g PSBO
|
| 942 |
|
|
|c BK
|